The analysis of minerals and ores of the rarer elements. (Record no. 7148)

MARC details
000 -LEADER
fixed length control field 00621nam a22001937a 4500
003 - CONTROL NUMBER IDENTIFIER
control field OSt
005 - DATE AND TIME OF LATEST TRANSACTION
control field 20210907115235.0
008 - FIXED-LENGTH DATA ELEMENTS--GENERAL INFORMATION
fixed length control field 210907b ||||| |||| 00| 0 eng d
020 ## - INTERNATIONAL STANDARD BOOK NUMBER
International Standard Book Number 9781406716269
040 ## - CATALOGING SOURCE
Transcribing agency DDC
082 ## - DEWEY DECIMAL CLASSIFICATION NUMBER
Classification number 543SCH1919
100 ## - MAIN ENTRY--PERSONAL NAME
Personal name Schoeller W.R.
9 (RLIN) 14716
245 ## - TITLE STATEMENT
Title The analysis of minerals and ores of the rarer elements.
Remainder of title For analytical chemists,metallurgists, and advanced students
Statement of responsibility, etc. Edited by Schoeller W.C.
260 ## - PUBLICATION, DISTRIBUTION, ETC. (IMPRINT)
Place of publication, distribution, etc. London
Name of publisher, distributor, etc. Charles Griffin and company limited
Date of publication, distribution, etc. 1919
300 ## - PHYSICAL DESCRIPTION
Extent x,239p;
Other physical details ill
Dimensions 23cm
504 ## - BIBLIOGRAPHY, ETC. NOTE
Bibliography, etc Includes; index
650 ## - SUBJECT ADDED ENTRY--TOPICAL TERM
Topical term or geographic name as entry element Chemistry
9 (RLIN) 797
942 ## - ADDED ENTRY ELEMENTS (KOHA)
Source of classification or shelving scheme Dewey Decimal Classification
Koha item type Open Shelf
Holdings
Withdrawn status Lost status Source of classification or shelving scheme Damaged status Not for loan Home library Current library Date acquired Source of acquisition Inventory number Total Checkouts Full call number Barcode Date last seen Price effective from Koha item type
    Dewey Decimal Classification     MUST Main Library MUST Main Library 07/09/2021 Purchase 14/37994   543SCH1919 2021-0901 07/09/2021 07/09/2021 Open Shelf